Gaming Quiz

Random Gaming or Video Games Quiz

Game by Socks Quiz Stats

Quiz Updated Dec 11, 2017

Challenge
Share
Tweet
Score 0/15 Timer 02:00
1 Play Today
% Correct
Super Mario Bros.
96.5%
Sonic the Hedgehog
95.6%
Angry Birds
95.1%
Pac-Man
94.8%
Dominoes
94.7%
Chess
94.7%
Rock - Paper - Scissors
94.6%
Beer Pong
93.6%
% Correct
Tetris
93%
Pokémon
92.6%
Minecraft
92.5%
The Legend of Zelda
92.3%
Poker
91%
Scrabble
89.5%
Space Invaders
87.5%

You're not logged in!

Compare scores with friends on all Sporcle quizzes.
Sign Up with Email
OR
Log In

You Might Also Like...

Show Comments

Extras

Top Quizzes Today


Score Distribution

Your Account Isn't Verified!

In order to create a playlist on Sporcle, you need to verify the email address you used during registration. Go to your Sporcle Settings to finish the process.

Report this User

Report this user for behavior that violates our Community Guidelines.

Details: